000
00332nam a2200133Ia 4500
008
191201s2017 xx 000 0 und d
082
_a
362.109 GAL
100
_a
GATTANI, Surendera G
245
0
_a
Life style diseases
260
_b
Nirali Prakashan
_a
New Delhi
_c
2017
300
_a
MISC
650
_a
Miscellaneous
942
_2
ddc
_c
BK
999
_c
8287
_d
8287